000 00346nam a22001577a 4500
003 SGT
020 _a9780199467440
082 _a658
_bBAJ
100 _aBajaj, Rajnish
245 _aRetail Management
250 _a3RD
260 _aNEW DELHI
_bOXFORD UNIVERSITY
_c2016
300 _a427
650 _aCOMMERCE MANAGEMENT
942 _2ddc
_cBK
_03
999 _c13863
_d13863